| 000 | 00000nam 2200000zi 4500 |
| 001 | 9.816912 |
| 003 | CaOODSP |
| 005 | 20250129150344 |
| 006 | m o d f |
| 007 | cr mn||||||||| |
| 008 | 170316e201702##quc obs f000 0 eng d |
| 020 | |a9780660053929 |
| 040 | |aCaOODSP|beng|erda|cCaOODSP |
| 043 | |an-cn--- |
| 045 | |ay1y1 |
| 086 | 1 |aEn4-282/2016E-PDF |
| 245 | 00|aCanadian environmental sustainability indicators : |bnewly established invasive alien species in Canada. |
| 246 | 10|aNewly established invasive alien species in Canada |
| 246 | 13|aNewly established invasive alien apecies in Canada indicator |
| 250 | |a[February 2017 edition]. |
| 264 | 1|aGatineau, QC : |bEnvironment and Climate Change Canada = Environnement et changement climatique Canada, |cFebruary 2017. |
| 264 | 4|c©2017 |
| 300 | |a1 online resource (11 pages) |
| 336 | |atext|btxt|2rdacontent |
| 337 | |acomputer|bc|2rdamedia |
| 338 | |aonline resource|bcr|2rdacarrier |
| 500 | |aIssued also in French under title: Indicateurs canadiens de durabilité de l'environnement : espèces exotiques envahissantes nouvellement établies au Canada. |
| 504 | |aIncludes bibliographical references. |
| 650 | 0|aIntroduced organisms|zCanada|vStatistics. |
| 650 | 0|aEnvironmental indicators|zCanada. |
| 655 | 7|aStatistics|2lcgft |
| 710 | 1 |aCanada. |bEnvironment and Climate Change Canada, |eissuing body. |
| 775 | 08|tIndicateurs canadiens de durabilité de l'environnement : |w(CaOODSP)9.816913 |
| 794 | |tCanadian environmental sustainability indicators : |b(December 2024)|w(CaOODSP)9.944337 |
| 856 | 40|qPDF|s158 KB|uhttps://publications.gc.ca/collections/collection_2017/eccc/En4-282-2016-eng.pdf |